Statistics for Powers of Three Sprint

Click here to take the quiz!

General Stats

  • This quiz has been taken 68 times
  • The average score is 7 of 15

Answer Stats

PowerAnswer% Correct
13
100%
29
98%
327
95%
481
93%
5243
91%
6729
81%
72187
63%
86561
42%
919683
21%
1059049
12%
11177147
7%
12531441
5%
131594323
2%
1514348907
0%
144782969
0%

Score Distribution

Percentile by Number Answered

Percent of People with Each Score

Your Score History

You have not taken this quiz